000 00549nmm a2200181Ia 4500
008 251105s9999||||xx |||||||||||||||||und||
041 _aspa
100 _aFuentes, Sergio
245 0 _aCatalizadores :
_b ¿La piedra filosofal del siglo XX?
264 _a[México D.C., Mexico] :
_bFondo de Cultura Económica,
_c2016
300 _a93 páginas
490 _aLa Ciencia para Todos
650 _aEngineering
700 _aFuentes, Sergio
700 1 _a Díaz, Gabriela
856 _uhttps://public.digitaliapublishing.com/a/64106
942 _cCF
999 _c65672
_d65672